[Event "AUTO-ADV-2803"]
[Site "http://www.queenalice.com/game.php?id=1165942"]
[Date "2013.3.29"]
[Round "1"]
[White "danieldignet"]
[Black "Equeiroz"]
[Result "0-1"]
[WhiteElo "1752"]
[BlackElo "1825"]

1. d4 d5 2. e3 Nf6 3. Bd3 e6 4. f4 Be7 5. Nf3 b6 6. O-O Ba6 7. Nc3 Bxd3 8. Qxd3
O-O 9. a3 h6 10. Bd2 c5 11. dxc5 Bxc5 12. b4 Be7 13. Rad1 a6 14. Ne5 Qc8 0-1

[Event "AUTO-ADV-2803"]
[Site "http://www.queenalice.com/game.php?id=1165943"]
[Date "2013.3.29"]
[Round "1"]
[White "Equeiroz"]
[Black "danieldignet"]
[Result "1-0"]
[WhiteElo "1838"]
[BlackElo "1739"]

1. e4 e5 2. Nf3 d6 3. h3 Nf6 4. Nc3 Be7 5. Bc4 O-O 6. O-O Nc6 7. d3 Re8 8. Bd2
Bd7 9. Ng5 Rf8 10. f4 h6 11. Nf3 exf4 12. Bxf4 a6 13. a3 b5 14. Ba2 1-0

[Event "AUTO-ADV-2803"]
[Site "http://www.queenalice.com/game.php?id=1165944"]
[Date "2013.3.29"]
[Round "1"]
[White "danieldignet"]
[Black "TIKAR"]
[Result "0-1"]
[WhiteElo "1805"]
[BlackElo "1816"]

1. c4 a6 2. d3 e6 3. Nc3 Nf6 4. e4 e5 5. Nf3 Nc6 6. a3 Be7 7. Be2 h6 8. O-O Na5
9. Re1 O-O 10. b4 Nc6 11. Bb2 d6 12. h3 d5 13. cxd5 Nd4 14. Nxd4 exd4 15. Nb1 c5
16. bxc5 Bxc5 0-1

[Event "AUTO-ADV-2803"]
[Site "http://www.queenalice.com/game.php?id=1165945"]
[Date "2013.3.29"]
[Round "1"]
[White "TIKAR"]
[Black "danieldignet"]
[Result "1-0"]
[WhiteElo "1799"]
[BlackElo "1822"]

1. e4 c5 2. Nc3 e5 3. Bc4 Nc6 4. Nf3 h6 5. a3 d6 6. d3 Nf6 7. h3 Be7 8. O-O O-O
9. Bd2 Re8 10. Nd5 a6 11. Nxf6+ Bxf6 12. b4 Bd7 13. c3 Ne7 14. Re1 b5 15. Bb3
Qb6 16. bxc5 Qxc5 17. Be3 1-0

[Event "AUTO-ADV-2803"]
[Site "http://www.queenalice.com/game.php?id=1165946"]
[Date "2013.3.29"]
[Round "1"]
[White "danieldignet"]
[Black "luizpessoa"]
[Result "0-1"]
[WhiteElo "1789"]
[BlackElo "1706"]

1. Nc3 e5 2. e4 Nf6 3. d3 Bb4 4. Bd2 d6 5. Nf3 Bc5 6. h3 Be6 7. Be2 h6 8. O-O a6
9. Re1 Nc6 10. a3 Nd4 11. Nd5 c6 12. Nxd4 cxd5 13. Nxe6 fxe6 14. Bh5+ Kd7 15. b4
Bb6 16. c4 dxc4 17. dxc4 Bd4 0-1

[Event "AUTO-ADV-2803"]
[Site "http://www.queenalice.com/game.php?id=1165947"]
[Date "2013.3.29"]
[Round "1"]
[White "luizpessoa"]
[Black "danieldignet"]
[Result "1-0"]
[WhiteElo "1725"]
[BlackElo "1770"]

1. d4 d5 2. Nc3 e6 3. Bf4 a6 4. e3 Nc6 5. a3 Nf6 6. Bd3 Be7 7. Nf3 O-O 8. Ne5
Bd7 9. Qf3 h6 10. Qg3 Nh5 11. Bxh6 Nxg3 12. hxg3 gxh6 13. Rxh6 Nxe5 14. dxe5 f5
15. Ke2 Bg5 16. Rh5 Kg7 17. f4 Bh6 18. Rah1 1-0

[Event "AUTO-OPEN-2954"]
[Site "http://www.queenalice.com/game.php?id=1166229"]
[Date "2013.3.30"]
[Round "1"]
[White "ulisses67"]
[Black "danieldignet"]
[Result "0-1"]
[WhiteElo "1425"]
[BlackElo "1818"]

1. c4 e5 2. Nc3 d6 3. d4 exd4 4. Qxd4 Nc6 5. Qe3+ Be7 6. Nd5 Be6 7. Qg3 g6 8. e4
Ne5 9. c5 Nf6 10. Nxe7 Qxe7 0-1

[Event "AUTO-OPEN-2954"]
[Site "http://www.queenalice.com/game.php?id=1166232"]
[Date "2013.3.30"]
[Round "1"]
[White "danieldignet"]
[Black "toinhoxdz"]
[Result "0-1"]
[WhiteElo "1725"]
[BlackElo "2086"]

1. e4 e6 2. d3 d5 3. exd5 exd5 4. Nf3 Bg4 5. Be2 Nf6 6. O-O Nc6 7. Nbd2 Bd6 8.
Re1 O-O 9. h3 Bd7 10. a3 Re8 11. b4 a5 12. bxa5 Rxa5 13. Bb2 Ne5 14. Nb3 Ra8 0-1

[Event "AUTO-OPEN-2954"]
[Site "http://www.queenalice.com/game.php?id=1166233"]
[Date "2013.3.30"]
[Round "1"]
[White "toinhoxdz"]
[Black "danieldignet"]
[Result "1-0"]
[WhiteElo "2084"]
[BlackElo "1727"]

1. c4 c5 2. Nf3 d6 3. d4 cxd4 4. Nxd4 Nc6 5. Nc3 Nf6 6. Bg5 e6 7. e4 e5 8. Bxf6
Qxf6 9. Nd5 Qd8 10. Nb3 Be6 11. Qd2 Be7 12. Rd1 O-O 13. Nxe7+ Nxe7 14. Qb4 Rc8
15. Qxd6 1-0

[Event "AUTO-ADV-3363"]
[Site "http://www.queenalice.com/game.php?id=1343839"]
[Date "2015.2.25"]
[Round "1"]
[White "BlackKnight72"]
[Black "danieldignet"]
[Result "0-1"]
[WhiteElo "1674"]
[BlackElo "1705"]

1. e4 c5 2. Nf3 e6 3. c3 d6 4. d4 cxd4 5. cxd4 Nc6 6. Bb5 Bd7 7. O-O Nf6 8. Nc3
Be7 9. a3 O-O 10. e5 Nd5 11. Nxd5 exd5 12. Bf4 dxe5 13. Bxe5 Nxe5 14. Nxe5 Bxb5
15. Re1 Bf6 16. b4 Re8 17. Rc1 Qd6 18. f4 Rac8 19. Rc5 a6 20. Qc2 Rxc5 21. bxc5
Qc7 22. h3 Bd8 23. Rc1 f6 24. Nd3 Re3 25. Nb4 Re2 26. Qf5 Bd7 27. Qh5 Re4 28.
Qd1 Qxf4 29. Nxd5 Qg5 30. Nc3 Qe3+ 31. Kh1 Rxd4 32. Qc2 Rc4 0-1

[Event "AUTO-ADV-3363"]
[Site "http://www.queenalice.com/game.php?id=1343840"]
[Date "2015.2.25"]
[Round "1"]
[White "danieldignet"]
[Black "BlackKnight72"]
[Result "0-1"]
[WhiteElo "1723"]
[BlackElo "1682"]

1. d4 Nf6 2. e3 d5 3. Bd3 Nbd7 4. f4 c5 5. c3 e6 6. Nf3 a6 7. O-O b5 8. Nbd2 c4
9. Bc2 Be7 10. Qe2 O-O 11. Ne5 Bb7 12. Ndf3 Ne4 13. a4 f6 14. Ng4 h5 15. Nf2 g6
16. Nh4 Kg7 17. Qf3 Kh6 18. Nxe4 dxe4 19. Bxe4 Bxe4 20. Qxe4 f5 21. Qxe6 Bxh4
22. Bd2 Qe7 23. Qxe7 Bxe7 24. axb5 axb5 25. Kf2 Nf6 26. Kf3 Ne4 27. Ke2 Rab8 28.
Ra7 Bd6 29. Rd7 Ra8 30. h3 Rfd8 31. Rf7 Ng3+ 0-1

[Event "AUTO-ADV-3363"]
[Site "http://www.queenalice.com/game.php?id=1343853"]
[Date "2015.2.25"]
[Round "1"]
[White "JoseHenrique"]
[Black "danieldignet"]
[Result "1-0"]
[WhiteElo "1735"]
[BlackElo "1717"]

1. c4 c5 2. Nc3 Nf6 3. g3 e6 4. Bg2 Nc6 5. d3 Be7 6. Nf3 O-O 7. O-O d6 8. Bg5 a6
9. Re1 e5 10. e3 Bg4 11. Ne2 h6 12. Bxf6 Bxf6 13. Qd2 b5 14. Rac1 b4 15. b3 a5
16. h3 Be6 17. Nh2 Qc8 18. g4 Bh4 19. d4 Ne7 20. Bxa8 Qxa8 21. d5 Bd7 22. e4 Bg5
23. f4 exf4 24. Nxf4 Ng6 25. Rf1 Nxf4 26. Rxf4 Bxf4 27. Qxf4 Qb8 28. Rf1 f6 29.
Nf3 Qb6 30. Qg3 Ra8 31. h4 a4 32. g5 fxg5 33. hxg5 h5 34. g6 Bg4 35. Ng5 axb3
36. axb3 Qd8 37. Qf4 Qe7 38. Qf7+ Qxf7 39. gxf7+ Kf8 40. Nh7+ Ke7 41. f8=Q+ Rxf8
42. Nxf8 Be2 43. Ng6+ Ke8 44. Rf8+ Kd7 45. Rf7+ Ke8 46. Rf2 Bd1 47. Rb2 Bf3 48.
e5 Kf7 49. Rf2 Kxg6 50. Rxf3 dxe5 51. d6 1-0

[Event "AUTO-ADV-3363"]
[Site "http://www.queenalice.com/game.php?id=1343854"]
[Date "2015.2.25"]
[Round "1"]
[White "danieldignet"]
[Black "JoseHenrique"]
[Result "0-1"]
[WhiteElo "1720"]
[BlackElo "1729"]

1. e4 Nc6 2. Nf3 e5 3. Nc3 Bb4 4. d3 Nf6 5. Bd2 O-O 6. Be2 b6 7. O-O Bb7 8. a3
Bxc3 9. Bxc3 d6 10. h3 a5 11. Ng5 h6 12. Nf3 Ne7 13. Re1 Ng6 14. Qd2 c5 15. b3
Nh7 16. a4 Nf4 17. Kh2 Ng5 18. Ng1 f6 19. h4 Nge6 20. Nh3 f5 21. g3 Nxh3 22.
Kxh3 fxe4 23. dxe4 Bxe4 24. Bg4 Bf5 25. Bxf5 Rxf5 26. Qd5 Qe8 27. Qxd6 Qf7 28.
Rxe5 Rxe5 29. Qxe5 Rf8 30. Rd1 Re8 31. Rd6 Ng5+ 0-1

[Event "AUTO-ADV-3363"]
[Site "http://www.queenalice.com/game.php?id=1343861"]
[Date "2015.2.25"]
[Round "1"]
[White "CocorickO"]
[Black "danieldignet"]
[Result "1-0"]
[WhiteElo "1735"]
[BlackElo "1657"]

1. e4 d5 2. d3 dxe4 3. dxe4 Qxd1+ 4. Kxd1 e5 5. Nc3 Nf6 6. Bg5 Be7 7. h4 Be6 8.
Bb5+ c6 9. Ba4 O-O 10. Nge2 a6 11. f3 h6 12. Bxf6 Bxf6 13. Ng3 Rd8+ 14. Ke2 b5
15. Bb3 Bxb3 16. axb3 Rd6 17. Nf5 Rd8 18. g4 Nd7 19. Rag1 1-0

[Event "AUTO-ADV-3363"]
[Site "http://www.queenalice.com/game.php?id=1343862"]
[Date "2015.2.25"]
[Round "1"]
[White "danieldignet"]
[Black "CocorickO"]
[Result "0-1"]
[WhiteElo "1671"]
[BlackElo "1721"]

1. Nf3 d5 2. d4 Nc6 3. e3 Bg4 4. Be2 Nf6 5. Nc3 e5 6. Nxe5 Bxe2 7. Qxe2 Bb4 8.
Bd2 O-O 9. Nxc6 bxc6 10. O-O Ne4 11. Nxe4 Bxd2 12. Nxd2 Rb8 13. b3 Re8 14. f4
Qf6 15. c3 Re7 16. Nf3 Rbe8 17. Ne5 Qh6 18. Ng4 Qh4 19. f5 h5 0-1

[Event "AUTO-OPEN-3442"]
[Site "http://www.queenalice.com/game.php?id=1343896"]
[Date "2015.2.25"]
[Round "1"]
[White "danieldignet"]
[Black "bonow"]
[Result "0-1"]
[WhiteElo "1700"]
[BlackElo "2241"]

1. Nf3 d5 2. d4 Nf6 3. Nc3 Nc6 4. e3 e6 5. a3 Be7 6. Bd3 O-O 7. O-O Bd7 8. Ng5
Bd6 9. f4 h6 10. Nf3 Ne7 11. Ne5 c5 12. Nb5 Bxb5 13. Bxb5 c4 14. Ba4 Qa5 15. c3
Rfd8 16. Bd2 Rac8 17. Bc2 Qb6 18. Rb1 Ne4 19. Bxe4 dxe4 20. Qa4 Bxe5 21. fxe5
Qc6 22. Qc2 Ng6 23. Rf2 b5 24. Rbf1 Rd7 25. g3 Rf8 26. h4 Qb7 27. h5 Ne7 28. Rf4
Nf5 29. Kg2 f6 30. exf6 Rxf6 31. Qxe4 Qxe4+ 32. Rxe4 Nxg3 33. Rxf6 Nxe4 34. Rxe6
Nxd2 35. e4 Kf7 36. Re5 a6 37. Kf2 Re7 38. Rxe7+ Kxe7 39. Ke3 Nb3 40. Kf4 Ke6
41. d5+ Kd6 0-1

[Event "AUTO-OPEN-3442"]
[Site "http://www.queenalice.com/game.php?id=1343897"]
[Date "2015.2.25"]
[Round "1"]
[White "bonow"]
[Black "danieldignet"]
[Result "1-0"]
[WhiteElo "2240"]
[BlackElo "1702"]

1. d4 d5 2. Nf3 e6 3. c4 dxc4 4. e4 b5 5. a4 c6 6. Nc3 Bb4 7. Bd2 Bd7 8. Be2 Nf6
9. e5 Nd5 10. Nxd5 Bxd2+ 11. Qxd2 cxd5 12. b3 O-O 13. O-O Qb6 14. Rfb1 Na6 15.
axb5 Bxb5 16. bxc4 dxc4 17. Bxc4 Nc7 18. Qd3 a6 19. Ng5 g6 20. Ne4 Qc6 21. Rb4
Nd5 22. Bxd5 exd5 23. Nf6+ Qxf6 24. Rxb5 axb5 25. Rxa8 Rxa8 26. exf6 Ra1+ 27.
Qf1 Rxf1+ 28. Kxf1 Kf8 29. Ke1 Ke8 30. Kd2 b4 31. Kc2 Kd7 32. Kb3 Ke6 33. Kxb4
Kxf6 34. Kc5 Ke6 35. g4 g5 36. Kc6 f6 37. Kc5 h6 38. f3 f5 39. gxf5+ Kxf5 40.
Kxd5 Kf4 41. Kc6 Kxf3 42. d5 1-0

[Event "AUTO-OPEN-3442"]
[Site "http://www.queenalice.com/game.php?id=1343898"]
[Date "2015.2.25"]
[Round "1"]
[White "danieldignet"]
[Black "elisangela"]
[Result "0-1"]
[WhiteElo "1698"]
[BlackElo "1746"]

1. b3 e5 2. Bb2 d6 3. e4 Qh4 4. Nc3 Bd7 5. Nf3 Qh5 6. Be2 Bg4 7. O-O a6 8. Nd5
Kd8 9. Ne3 Nf6 10. h3 Bxf3 11. Bxf3 Qg6 12. Kh2 h5 13. d3 Nbd7 14. c4 c5 15. Nd5
Nxd5 16. exd5 b5 17. Be4 Qf6 18. f4 Qe7 19. fxe5 dxe5 20. d6 Qe6 21. Bxa8 Bxd6
22. Bd5 Qg6 23. Bxf7 Qg5 24. Bc1 e4+ 25. Kh1 Qg3 26. Bf4 Bxf4 27. Rxf4 Qxf4 28.
Be6 e3 29. Bg4 hxg4 30. Qf1 Qxf1+ 31. Rxf1 gxh3 32. gxh3 Rxh3+ 33. Kg2 e2 34.
Re1 Rxd3 0-1

[Event "AUTO-OPEN-3442"]
[Site "http://www.queenalice.com/game.php?id=1343899"]
[Date "2015.2.25"]
[Round "1"]
[White "elisangela"]
[Black "danieldignet"]
[Result "1-0"]
[WhiteElo "1760"]
[BlackElo "1684"]

1. e3 e5 2. a3 c5 3. g3 d6 4. Bg2 Nc6 5. Bxc6+ bxc6 6. c4 d5 7. b3 d4 8. d3 Nf6
9. h3 Be7 10. Bd2 Bd7 11. e4 O-O 12. Ne2 Qc8 13. Ng1 Rb8 14. Nf3 Bxh3 15. Nxe5
Bd6 16. Bf4 Ng4 17. Nd2 f6 18. Nxc6 Qxc6 19. Rxh3 Bxf4 20. gxf4 Qd7 21. Qf3 f5
22. e5 Rfe8 23. O-O-O Qb7 24. Qxb7 Rxb7 25. Rf1 a5 26. a4 Reb8 27. Kb2 Rb6 28.
f3 Ne3 29. Rg1 Rb4 30. Ka2 h6 31. Rxh6 Kf7 32. e6+ Kf8 33. e7+ Kxe7 34. Rxg7+
Kf8 35. Ra7 1-0

[Event "AUTO-OPEN-3442"]
[Site "http://www.queenalice.com/game.php?id=1343900"]
[Date "2015.2.25"]
[Round "1"]
[White "danieldignet"]
[Black "Cajucarol"]
[Result "1-0"]
[WhiteElo "1711"]
[BlackElo "1451"]

1. e4 Nc6 2. d4 b6 3. Nf3 Nf6 4. Nc3 Bb7 5. Bg5 Nh5 6. Be2 g6 7. O-O Bg7 8. Re1
O-O 9. a3 Na5 10. b4 Nc4 11. Bxc4 d5 12. Nxd5 c6 13. Nxe7+ Kh8 14. Nxg6+ hxg6
15. Bxd8 Raxd8 16. e5 c5 17. d5 Nf4 18. Ng5 Nxd5 19. Qf3 Bxe5 20. Nxf7+ Rxf7 21.
Qxf7 Bxa1 22. Re8+ Rxe8 23. Qxe8+ Kg7 24. Qd7+ Kf6 25. Bxd5 Ba6 26. Qxa7 Be2 27.
Qxb6+ Kf5 28. Qxc5 Bb2 29. Bf3+ Kf4 30. Bxe2 Bxa3 31. Qd6+ Kg5 32. Qg3+ Kf5 33.
Qxa3 g5 34. b5 Ke6 35. b6 Kd7 36. Qc5 g4 37. Bxg4+ Ke8 38. b7 Kf7 39. b8=Q Kg6
40. Qf5+ Kh6 41. Qbf8# 1-0

[Event "AUTO-OPEN-3442"]
[Site "http://www.queenalice.com/game.php?id=1343901"]
[Date "2015.2.25"]
[Round "1"]
[White "Cajucarol"]
[Black "danieldignet"]
[Result "0-1"]
[WhiteElo "1491"]
[BlackElo "1704"]

1. d4 d5 2. Nf3 e6 3. g3 c5 4. Bg2 cxd4 5. O-O Nc6 6. Bf4 Nf6 7. c3 dxc3 8. bxc3
Bd6 9. Bxd6 Qxd6 10. Nbd2 O-O 11. Ng5 h6 12. Ngf3 Bd7 13. Rb1 b6 14. a4 Rac8 15.
Rb2 Ne5 16. Qa1 Rxc3 17. a5 bxa5 18. Qxa5 Nxf3+ 19. Bxf3 Rc7 20. Qc3 Rxc3 21.
Rfb1 Rcc8 22. e4 Rb8 23. Nb3 Nxe4 24. Kg2 Rb6 25. h4 Nc3 26. Rc1 Qa3 27. Rcc2
Rxb3 28. Rxb3 Qxb3 29. Rd2 a5 30. Rd4 a4 31. h5 a3 32. Kh3 a2 33. Bxd5 Qxd5 34.
Rxd5 Nxd5 35. f4 a1=Q 36. Kg4 e5+ 37. f5 Qd1+ 38. Kh4 Bxf5 39. g4 Qxg4# 0-1